000 00337nam a2200145Ia 4500
008 230718s9999 xx 000 0 und d
041 _aEng.
082 _a343.54
_bAHM-N
100 _aAhmad,Saghair
245 0 _anegotiable instrument
260 _aPakistan
_bManzoor book house
_c2013
300 _a207
650 _aLaw
999 _c30354
_d30354